| 000 | 00897nam a22003017a 4500 | ||
|---|---|---|---|
| 001 | BR7326057 | ||
| 003 | BR-BrBNA | ||
| 005 | 20230928084346.0 | ||
| 007 | ta | ||
| 008 | 230509b bl.||||| |||| 00| 0 por d | ||
| 040 |
_aBR-BrBNA _bpor _cBiblioteca Nacional de Agricultura |
||
| 041 | _a(Por) | ||
| 072 |
_aL10 _b5212 _b5100 _b/G514 |
||
| 090 | _ 5212 BR7326057 | ||
| 100 | 1 | _aMascarenhas, H. | |
| 110 | 1 |
_aInstituto de Zootecnia, Sao Paulo, SP (Brasil) _96284 |
|
| 245 | 1 | _aEstudo da Ilha de Marajo, para o estabelecimento de postos de inseminacao artificial [Brasil, bovino, bubalino, equino] | |
| 260 | 3 |
_aSao Paulo, SP (Brasil): _c1952. |
|
| 300 | _a40 p. | ||
| 500 | _aMap, scale 1:200.000 | ||
| 650 | _aBUFALO | ||
| 650 | _aBOVINO | ||
| 650 | _aEQUINO | ||
| 650 | _aILHA DE MARAJO | ||
| 650 | _aINSEMINACAO ARTIFICIAL | ||
| 909 |
_a202309 _bLucia _c55 _dLucia Elande |
||
| 942 | _cBK | ||
| 999 |
_c18396 _d18396 |
||